• 首页
  • 本馆介绍
  • 公告通知
  • 最新文献
  • 馆藏检索
  • 电子资源
  • 读者导购
  • 参考咨询
  • 我的图书馆
  • 登录
  • 详细信息显示
  • 放入我的书架
  • 预约/预借图书
  • 作者相关作品
  • 分类相关作品
  • 丛书相关作品
  • 出版社相关作品

书目信息

  • 表格格式
  • 工作单格式
  • 卡片格式
题名:
英语启蒙52周这本就够
    
 
作者: ;优尼创新外语研发中心 编著
分册:  
出版信息: 北京   中国水利水电出版社  2018.10
页数: 154页
开本: 24cm
丛书名:
单 册:
中图分类: G613.2
科图分类:
主题词: 英语课--学前教育--教学参考资料
电子资源:
ISBN: 978-7-5170-6498-5
000 01109nam0 2200229 450
001 0103152644
005 20201103152730.0
010    @a978-7-5170-6498-5@dCNY39.90
100    @a20181010d2018 bc y0chiy50 ea
101 0  @achi@aeng
102    @aCN@b110000
105    @aa z 000yy
106    @ar
200 1  @a英语启蒙52周这本就够@Aying yu qi meng 52 zhou zhe ben jiu gou@f优尼创新外语研发中心编著
210    @a北京@c中国水利水电出版社@d2018.10
215    @a154页@c彩图@d24cm
330    @a本书是一本专门针对3~6岁儿童学习英语的启蒙入门书,全书共分为52周的课程,一周一个主题,包括动物、交通工具、游乐园等孩子感兴趣的日常生活内容,每个主题下都设置了相关单词、句型、互动歌曲和育儿提示等,并采用思维导图和漫画图解的方式帮助孩子理解和记忆。全书内容充实、有趣生动,既是孩子学习英语的启蒙书,同时也是亲子互动、启发孩子思维的育儿书。每天5分钟,大人小孩一起学,52周完美英语启蒙学这本就够。
606 0  @a英语课@x学前教育@j教学参考资料
690    @aG613.2@v5
711 02 @a优尼创新外语研发中心@Ayou ni chuang xin wai yu yan fa zhong xin@4编著
801  0 @aCN@bBJSZM@c20201103
905    @b1255566-70@dG613.2@e1037@f5
    
    英语启蒙52周这本就够/优尼创新外语研发中心编著.-北京:中国水利水电出版社,2018.10
    154页:彩图;24cm
    
    
    ISBN 978-7-5170-6498-5:CNY39.90
    本书是一本专门针对3~6岁儿童学习英语的启蒙入门书,全书共分为52周的课程,一周一个主题,包括动物、交通工具、游乐园等孩子感兴趣的日常生活内容,每个主题下都设置了相关单词、句型、互动歌曲和育儿提示等,并采用思维导图和漫画图解的方式帮助孩子理解和记忆。全书内容充实、有趣生动,既是孩子学习英语的启蒙书,同时也是亲子互动、启发孩子思维的育儿书。每天5分钟,大人小孩一起学,52周完美英语启蒙学这本就够。
●
相关链接 在E读中查询图书 在五车中查询图书 在当当中查询图书 在豆瓣中查询图书


正题名:英语启蒙52周这本就够     索取号:G613.2/1037         预约/预借

序号 登录号 条形码 馆藏地/架位号 状态 备注
1 1255566   212555661   第一样本阅览室/ [索取号:G613.2/1037] 在馆    
2 1255567   212555670   教育系资料室/ [索取号:G613.2/1037] 在馆    
3 1255568   212555689   教育系资料室/ [索取号:G613.2/1037] 在馆    
4 1255569   212555698   第四借阅区/ [索取号:G613.2/1037] 在馆    
5 1255570   212555705   第四借阅区/ [索取号:G613.2/1037] 在馆    
唐山师范学院图书馆 欢迎您!
大连网信软件有限公司© 版权所有